| 000 | 00401nam a2200169Ia 4500 | ||
|---|---|---|---|
| 003 | IT-RoPAU | ||
| 008 | 120407s9999 xx 000 0 und d | ||
| 040 | _aIT-RoPAU | ||
| 040 | _cIT-RoPAU | ||
| 100 | _aLuciano Nordera | ||
| 245 | _aIl catechismo di Pio X. Per una storia della catechesi in Italia (1896-1916) | ||
| 250 | _aRoma | ||
| 260 | _aLas | ||
| 300 | _c cm | ||
| 490 | _v1 | ||
| 942 | _cBK | ||
| 999 |
_c7389 _d7389 |
||